<?xml version="1.0" encoding="UTF-8"?>
<collection xmlns="http://www.loc.gov/MARC21/slim">
    <record>
        <controlfield tag="001">79669</controlfield>
        <controlfield tag="005">20190819103726.0</controlfield>
        <datafield tag="024" ind1="8" ind2=" ">
            <subfield code="2">sideral</subfield>
            <subfield code="a">112529</subfield>
        </datafield>
        <datafield tag="037" ind1=" " ind2=" ">
            <subfield code="a">ART-2016-112529</subfield>
        </datafield>
        <datafield tag="041" ind1=" " ind2=" ">
            <subfield code="a">spa</subfield>
        </datafield>
        <datafield tag="100" ind1=" " ind2=" ">
            <subfield code="0">(orcid)0000-0002-0171-5417</subfield>
            <subfield code="a">Rubio Pastor, María Ángeles</subfield>
            <subfield code="u">Universidad de Zaragoza</subfield>
        </datafield>
        <datafield tag="245" ind1=" " ind2=" ">
            <subfield code="a">Funcionalidades TIC dirigidas a personas mayores. ¿Cómo son valoradas en el medio rural español?</subfield>
        </datafield>
        <datafield tag="260" ind1=" " ind2=" ">
            <subfield code="c">2016</subfield>
        </datafield>
        <datafield tag="506" ind1="0" ind2=" ">
            <subfield code="a">Access copy available to the general public</subfield>
            <subfield code="f">Unrestricted</subfield>
        </datafield>
        <datafield tag="520" ind1="3" ind2=" ">
            <subfield code="a">La despoblación del medio rural del interior de España representa un serio problema a la hora de ofrecer atención personalizada a las personas mayores, que ahora representan un elevado porcentaje de su población. Se considera que el avance en la investigación y desarrollo de nuevas funciones de las tecnologías de la información y la comunicación (TIC) puede ayudar en la labor que tradicionalmente han realizado familiares o vecinos. Sin embargo, es necesario conocer cómo estas funcionalidades son valoradas por las personas mayores y para ello se les han mostrado mediante dinámicas de grupo. Los resultados han sido muy positivos, pues tras su conocimiento y prueba los mayores se han manifestado muy receptivos a su uso.</subfield>
        </datafield>
        <datafield tag="540" ind1=" " ind2=" ">
            <subfield code="9">info:eu-repo/semantics/openAccess</subfield>
            <subfield code="a">by-nc-nd</subfield>
            <subfield code="u">http://creativecommons.org/licenses/by-nc-nd/3.0/es/</subfield>
        </datafield>
        <datafield tag="655" ind1=" " ind2="4">
            <subfield code="a">info:eu-repo/semantics/article</subfield>
            <subfield code="v">info:eu-repo/semantics/publishedVersion</subfield>
        </datafield>
        <datafield tag="700" ind1=" " ind2=" ">
            <subfield code="0">(orcid)0000-0001-7550-6688</subfield>
            <subfield code="a">Plaza García, Inmaculada</subfield>
            <subfield code="u">Universidad de Zaragoza</subfield>
        </datafield>
        <datafield tag="700" ind1=" " ind2=" ">
            <subfield code="0">(orcid)0000-0001-6467-7414</subfield>
            <subfield code="a">Orive Serrano, Víctor</subfield>
        </datafield>
        <datafield tag="710" ind1="2" ind2=" ">
            <subfield code="1">4012</subfield>
            <subfield code="2">650</subfield>
            <subfield code="a">Universidad de Zaragoza</subfield>
            <subfield code="b">Dpto. Direcc.Organiza.Empresas</subfield>
            <subfield code="c">Área Organización de Empresas</subfield>
        </datafield>
        <datafield tag="710" ind1="2" ind2=" ">
            <subfield code="1">5008</subfield>
            <subfield code="2">785</subfield>
            <subfield code="a">Universidad de Zaragoza</subfield>
            <subfield code="b">Dpto. Ingeniería Electrón.Com.</subfield>
            <subfield code="c">Área Tecnología Electrónica</subfield>
        </datafield>
        <datafield tag="773" ind1=" " ind2=" ">
            <subfield code="g">215 (2016), [26 pp.]</subfield>
            <subfield code="p">Ar@cne (Barc.)</subfield>
            <subfield code="t">Ar@cne (Barcelona)</subfield>
            <subfield code="x">1578-0007</subfield>
        </datafield>
        <datafield tag="856" ind1="4" ind2=" ">
            <subfield code="s">647365</subfield>
            <subfield code="u">http://zaguan.unizar.es/record/79669/files/texto_completo.pdf</subfield>
            <subfield code="y">Versión publicada</subfield>
        </datafield>
        <datafield tag="856" ind1="4" ind2=" ">
            <subfield code="s">59962</subfield>
            <subfield code="u">http://zaguan.unizar.es/record/79669/files/texto_completo.jpg?subformat=icon</subfield>
            <subfield code="x">icon</subfield>
            <subfield code="y">Versión publicada</subfield>
        </datafield>
        <datafield tag="909" ind1="C" ind2="O">
            <subfield code="o">oai:zaguan.unizar.es:79669</subfield>
            <subfield code="p">articulos</subfield>
            <subfield code="p">driver</subfield>
        </datafield>
        <datafield tag="951" ind1=" " ind2=" ">
            <subfield code="a">2019-08-19-09:42:57</subfield>
        </datafield>
        <datafield tag="980" ind1=" " ind2=" ">
            <subfield code="a">ARTICLE</subfield>
        </datafield>
    </record>

    
</collection>